00340nam a2200145Ia 4500008004100000020001500041041001200056082001600068100001600084245004500100250000800145260002500153300000800178650000800186221030s9999 xx 000 0 und d a8120302990 aEnglish a105.23bRyd aJ. D. Ryder 0aNetworks, Lines & Fieldscby J. D. Ryder a2nd bPHIaNew Delhic2002 a593 aECE